Mapa agronómico nacional (Record no. 93347)

MARC details
000 -LEADER
campo de control de longitud fija 01445nam a2200301 i 4500
001 - NÚMERO DE CONTROL
campo de control 93347
003 - IDENTIFICADOR DE NÚMERO DE CONTROL
campo de control ES-MaACL
005 - FECHA Y HORA DE LA ÚLTIMA TRANSACCIÓN
campo de control 20250407161319.0
007 - CAMPO FIJO DE DESCRIPCIÓN FÍSICA--INFORMACIÓN GENERAL
campo de control de longitud fija t|
008 - DATOS DE LONGITUD FIJA--INFORMACIÓN GENERAL
campo de control de longitud fija 050520s1948 sp ||||1| spa d
245 00 - MENCIÓN DEL TÍTULO
Título Mapa agronómico nacional
Resto del título : Escala 1:50.000.
Nombre de parte o sección de la obra Hoja núm. 508. Cercedilla. Memoria.
260 ## - PUBLICACIÓN, DISTRIBUCIÓN, ETC.
Lugar de publicación, distribución, etc. Madrid :
Nombre del editor, distribuidor, etc. [s.n.],
Fecha de publicación, distribución, etc. 1948.
300 ## - DESCRIPCIÓN FÍSICA
Extensión 232 p., 33 lám., 4 gráf. pleg. ;
Dimensiones 25 cm +
Material acompañante/anejo 3 mapas.
490 1# - MENCIÓN DE SERIE
Mención de serie Mapa agronómico nacional
500 ## - NOTA GENERAL
Nota general Precede al tit.: Ministerio de Agricultura. Servicio del Mapa Agronómico Nacional.
505 1# - NOTA DE CONTENIDO CON FORMATO
Información miscelánea Contiene:
Título 1. Cercedilla: Mapa Agronómico Nacional de España. Masas de Cultivo y forestales. 508.
-- 2. Cercedilla: Mapa Agronómico Nacional de España. Estudios forestales. 508
-- 3. Cercedilla: zona de suelos. 508
510 ## - NOTA DE CITAS O REFERENCIAS BIBLIOGRÁFICAS
Nombre de la fuente CCPB,
Localización dentro de la fuente 001210779-4
650 14 - PUNTO DE ACCESO ADICIONAL DE MATERIA--TÉRMINO DE MATERIA
Término de materia o nombre geográfico como elemento de entrada Agricultura-
Subdivisión geográfica España-
Subdivisión de forma Mapas.
9 (RLIN) 9681
830 0# - PUNTO DE ACCESO ADICIONAL DE SERIE-TÍTULO UNIFORME
Título uniforme Mapa agronómico nacional
9 (RLIN) 184287
852 ## - LOCALIZACIÓN
Ubicación ES-MaACL
Número de control de estantería D-6577
Sublocalización o colección R.30931
Ubicación en estantería Sala Valle Inclán
itemnumber 96748
Marcas de propiedad Sello en tinta azul de la Biblioteca del Ateneo de Madrid
852 ## - LOCALIZACIÓN
Ubicación ES-MaACL
Número de control de estantería MAP-AGR/1-1
Sublocalización o colección R.30931
Ubicación en estantería Planero
itemnumber 204640
852 ## - LOCALIZACIÓN
Ubicación ES-MaACL
Número de control de estantería MAP-AGR/1-2
Sublocalización o colección R.30931
Ubicación en estantería Planero
itemnumber 204641
852 ## - LOCALIZACIÓN
Ubicación ES-MaACL
Número de control de estantería MAP-AGR/1-3
Sublocalización o colección R.30931
Ubicación en estantería Planero
itemnumber 204642
942 ## - ELEMENTOS DE ENTRADA SECUNDARIOS (KOHA)
Fuente del sistema de clasificación o colocación Clasificación decimal universal
Tipo de ítem Koha Libro impreso
Holdings
Estatus retirado Estado de pérdida Estado de daño No para préstamo Biblioteca de origen Biblioteca actual Ubicación en estantería Fecha de adquisición Fuente de adquisición Total de préstamos Signatura topográfica completa Código de barras Visto por última vez Precio de reemplazo Tipo de ítem Koha Fuente del sistema de clasificación o colocación
        Biblioteca del Ateneo de Madrid Biblioteca del Ateneo de Madrid Sala Valle Inclán 17/01/2008     D-6577 901097433 23/02/2023 23/02/2023 Libro impreso  
        Biblioteca del Ateneo de Madrid Biblioteca del Ateneo de Madrid Planero 28/02/2025     MAP-AGR/1-1 101229464 28/02/2025 28/02/2025 Mapa Clasificación decimal universal
        Biblioteca del Ateneo de Madrid Biblioteca del Ateneo de Madrid Planero 28/02/2025     MAP-AGR/1-2 101229465 28/02/2025 28/02/2025 Mapa Clasificación decimal universal
        Biblioteca del Ateneo de Madrid Biblioteca del Ateneo de Madrid Planero 28/02/2025     MAP-AGR/1-3 101229466 28/02/2025 28/02/2025 Mapa Clasificación decimal universal